000
00301nam a22001337a 4500
008
170522b xxu||||| |||| 00| 0 eng d
020
_a
9780618958559
041
_a
eng
080
_2
7TH
_a
94
100
_a
16
101
_a
SHH
245
_a
SOURCES OF THE WESTERN TRADITION
_c
PERRY
942
_2
udc
_c
BK
999
_c
13677
_d
13677